Library of the University of Algiers 3
Ibrahim Sultan Cheibout
شعار جامعة الجزائر 3
مكتبة جامعة الجزائر 3
إبراهيم سلطان شيبوط

التحكيم بين المستثمر الاجنبي والدولة المضيفة للاستثمار / (رقم التسجيلة. 45790)

تفاصيل مارك
000 -LEADER
fixed length control field 00610nam a2200181Ia 4500
003 - CONTROL NUMBER IDENTIFIER
control field Ost
005 - DATE AND TIME OF LATEST TRANSACTION
control field 20260507075659.0
008 - FIXED-LENGTH DATA ELEMENTS--GENERAL INFORMATION
fixed length control field 260507s9999||||xx |||||||||||||| ||und||
020 ## - INTERNATIONAL STANDARD BOOK NUMBER
International Standard Book Number 9034328977
040 ## - CATALOGING SOURCE
Transcribing agency fsecg
041 ## - LANGUAGE CODE
Language code of text/sound track or separate title ara
100 ## - MAIN ENTRY--PERSONAL NAME
Personal name محمدين، جلال وفاء
Relator term مؤلف
245 #0 - TITLE STATEMENT
Title التحكيم بين المستثمر الاجنبي والدولة المضيفة للاستثمار /
Statement of responsibility, etc. جلال وفاء محمدين
260 ## - PUBLICATION, DISTRIBUTION, ETC.
Place of publication, distribution, etc. الاسكندرية:
Name of publisher, distributor, etc. دار الجامعة الجديدة,
Date of publication, distribution, etc. 2001
300 ## - PHYSICAL DESCRIPTION
Extent 119 صفحة؛
653 ## - INDEX TERM--UNCONTROLLED
Uncontrolled term استثمار
942 ## - ADDED ENTRY ELEMENTS (KOHA)
Koha item type كتب
المقتنيات
Withdrawn status Lost status Source of classification or shelving scheme Damaged status Not for loan Home library Current library Date acquired Serial enumeration / chronology Inventory number Total checkouts Full call number Barcode Date last seen Price effective from Koha item type
    Dewey Decimal Classification   Available مكتبة كلية العلوم الإقتصادية والعلوم التجارية وعلوم التسيير مكتبة كلية العلوم الإقتصادية والعلوم التجارية وعلوم التسيير 07/05/2026 الطابق الأرضي 33970   أ/93ن1 33970 07/05/2026 07/05/2026 كتب
    Dewey Decimal Classification   Available مكتبة كلية العلوم الإقتصادية والعلوم التجارية وعلوم التسيير مكتبة كلية العلوم الإقتصادية والعلوم التجارية وعلوم التسيير 07/05/2026 الطابق الأرضي 34001   أ/93ن2 34001 07/05/2026 07/05/2026 كتب
    Dewey Decimal Classification   Available مكتبة كلية العلوم الإقتصادية والعلوم التجارية وعلوم التسيير مكتبة كلية العلوم الإقتصادية والعلوم التجارية وعلوم التسيير 07/05/2026 الطابق الثاني 34029   أ/93ن3 34029 07/05/2026 07/05/2026 كتب
    Dewey Decimal Classification   Available مكتبة كلية العلوم الإقتصادية والعلوم التجارية وعلوم التسيير مكتبة كلية العلوم الإقتصادية والعلوم التجارية وعلوم التسيير 07/05/2026 الطابق الثاني 34060   أ/93ن4 34060 07/05/2026 07/05/2026 كتب

موارد الويب المفتوحة


© University of Algiers 3 All Rights Reserved
|
Implemented by LECHELAH Riad